000 00559nam a2200169 4500
001 109309
003 ES-MaACL
005 20230906184823.0
007 t|
008 061121s1957 sp r ||||1| spa d
100 1 _aMúgica, Luis Esteban.
_984059
245 1 0 _aEjercicios, manipulaciones y masajes en ortopedia y medicina deportiva /
_cLuis Esteban Múgica; prólogo de A. Muñoz Calero.
260 _aMadrid :
_bPaz Montalvo,
_c1957.
300 _a224 p. :
_bil. ;
_c24 cm.
700 1 _aMuñoz Calero, A.
_984361
852 _aES-MaACL
_jC-11878
_bR.39963
999 _c109309
_d109309